| 000 | 00714nam a2200229 i 4500 | ||
|---|---|---|---|
| 001 | 91858 | ||
| 003 | ES-MaACL | ||
| 005 | 20250808010511.0 | ||
| 007 | t| | ||
| 008 | 050223s2003 sp ||||1| spa d | ||
| 020 | _a84-933344-0-5 | ||
| 080 | _a171 | ||
| 100 | 1 |
_aSerrano de Entrambasaguas, Guillermo, _d1940- _9105743 |
|
| 245 | 1 | 0 |
_aPuras emociones / _cGuillermo Serrano de Entrambasaguas. |
| 260 |
_aMadrid : _bSistemas de Creación y Conocimiento, _c[2003] |
||
| 300 |
_a127 p. ; _c20 cm. |
||
| 490 | 1 | _aLibros para tener cerca | |
| 650 | 1 | 7 |
_aMoral práctica _2embne _911261 |
| 830 | 0 |
_aLibros para tener cerca _9184225 |
|
| 852 |
_aES-MaACL _jL-28909 _bR.135255 |
||
| 999 |
_c91858 _d91858 |
||